000 00654nam a2200253Ia 4500
001 42535
005 20240114003509.0
007 ta
008 080704s1936 g b000 u 465 u
020 _cHB
040 _aCotton College,Assam
041 _a465
082 _a954.8
_bSa 32 An
100 _aSaletore, Bhasker Anand .
245 0 _aAncient Karnataka /
_cBhasker Anand Saletore.
_hTextual Documents
250 _a1st ed /
260 _aPune :
_bOriental Book Agency ,
_c1936.
362 _aVol. I-
653 _aT/G-Hist
653 _aIndian History-Karnataka
942 _2ddc
_cBK
999 _c42501
_d42501